banner koha

Soil structure and its relationship with soybean yield (Registro n. 338143)

MARC details
000 -LÍDER
fixed length control field 03887nab a2200325 i 4500
003 - CÓDIGO MARC DA AGÊNCIA CATALOGADORA
Campo de controle BR-BrBNA
005 - DATA E HORA DA ÚLTIMA ATUALIZAÇÃO
Campo de controle 20250911201222.0
008 - CAMPO DE TAMANHO FIXO
fixed length control field 250911b2021 bl.mr|pooa||| 00| 0 eng |
040 ## - FONTE DA CATALOGAÇÃO
Agência catalogadora BR-BrBNA
Idioma da catalogação eng
072 ## - CATEGORIA AGRIS
Código AGRIS P33
Código do objeto 0336
072 ## - CATEGORIA AGRIS
Código AGRIS F01
100 ## - ENTRADA PRINCIPAL - NOME PESSOAL
Nome pessoal Bocuti, Edwaldo D.
100 ## - ENTRADA PRINCIPAL - NOME PESSOAL
Nome pessoal Amorim, Ricardo S. S.
100 ## - ENTRADA PRINCIPAL - NOME PESSOAL
Nome pessoal Kavasaki, Kaynara F. L.
100 ## - ENTRADA PRINCIPAL - NOME PESSOAL
Nome pessoal Prado, Marcelo R. V.
100 ## - ENTRADA PRINCIPAL - NOME PESSOAL
Nome pessoal Santos, Carlos L. R.
100 ## - ENTRADA PRINCIPAL - NOME PESSOAL
Nome pessoal Raimo, Luis A. Di L. Di
245 ## - TÍTULO PRINCIPAL
Título principal Soil structure and its relationship with soybean yield
500 ## - NOTA GERAL
Nota geral Publicação on-line; 18 ref.; 3 illus; 6 tables; Sumaries (En, Pt)
942 ## - ADDED ENTRY ELEMENTS (KOHA)
Koha item type Analítica
520 ## - NOTA DE RESUMO
Nota de conteúdo <br/><br/>ABSTRACT: Soil structure conditions the interaction between the physical-hydraulic, chemical, and biological attributes and determines the potential of soil productivity. Therefore, the objective of this study was to evaluate the structure of soils of areas subjected to soybean production and the impacts of soil structure on crop yield. In total, 28 soybean production areas were selected in the State of Mato Grosso, Brazil, and analyzed for particle size, soil organic carbon and aggregates. Data of soil attributes were subjected to descriptive analysis, Pearson’s correlation and Kruskal-Wallis test at p ≤ 0.05. In general, considering the non-irrigated soybean production areas, it was found that soils with mean sand content between 100.00 and 800.10 g kg-1 and clay content between 120.00 and 627.80 g kg-1 showed average soybean yield of 3,536.36 kg ha-1. Soils that had aggregates with mean weight diameter and mean geometric diameter above 1.50 mm showed soybean yield equal to or greater than 3,370.67 kg ha-1. Soils of similar textural groups can define different levels of soybean yield, depending on characteristics such as the type of management adopted and production technology applied in the soybean production area.<br/><br/>Key words: Glycine max, physical indicator, agricultural areas
520 ## - NOTA DE RESUMO
Nota de conteúdo <br/><br/>RESUMO: A estrutura do solo condiciona a interação entre os atributos físico-hídricos, químicos e biológicos e determina o potencial de produtividade do solo. Portanto, objetivou-se com este estudo avaliar a estrutura de solos de áreas submetidas a produção de soja e os impactos da estrutura na produtividade da cultura. Foram selecionadas 28 áreas de produção de soja localizadas no Estado de Mato Grosso, nas quais foram analisadas granulometria, carbono orgânico do solo e agregados. Os dados de atributos do solo foram submetidos à análise descritiva, correlação de Pearson e teste de média Kruskal Wallis a p ≤ 0.05. De modo geral, considerando as áreas de produção de soja em sistema de sequeiro foi verificado que solos com teor médio de areia entre 100,00 e 800,10 g kg-1 e teor de argila entre 120,00 a 627,80 g kg-1 tiveram produtividade média de soja de 3.536,36 kg ha-1. Os solos que apresentaram agregados com diâmetro médio ponderado e diâmetro médio geométrico acima de 1,50 mm tiveram produtividade de soja igual ou maior a 3.370,67 kg ha-1. Solos de grupamentos texturais semelhantes podem definir níveis distintos de produtividade de soja, a depender de características como o tipo de manejo adotado e tecnologia de produção aplicada na área de produção de soja.<br/><br/>Palavras-chave: Glycine max, indicador físico, áreas agrícolas
650 ## - ASSUNTO - THESAGRO
Cabeçalho tópico ou nome geográfico SOJA
650 ## - ASSUNTO - THESAGRO
Cabeçalho tópico ou nome geográfico PRODUTIVIDADE
650 ## - ASSUNTO - THESAGRO
Cabeçalho tópico ou nome geográfico ANÁLISE DO SOLO
650 ## - ASSUNTO - THESAGRO
Cabeçalho tópico ou nome geográfico ESTRUTURA DO SOLO
773 0# - ENTRADA ANALÍTICA
Host Biblionumber 3534
Registro do item 317807
Imprenta Campina Grande-PB Universidade Federal de Campina Grande. Centro de Ciências e Tecnologia 1997
Outro identificador 2024-4526
Título Revista Brasileira de Engenharia Agrícola e Ambiental (Brazil)
ISSN 1415-4366
Colação v. 25 (3) p. 168-173; (2021)
Número de controle de registro BR2025003617
856 ## - ACESSO E ENDEREÇO ELETRÔNICO
Identificador uniforme de recurso - URI https://www.scielo.br/j/rbeaa/a/YJjqxwVSntPcmmBbLKMwmgJ/?format=pdf&lang=en

Nenhum exemplar disponível.

BINAGRI

Telefone: (61)3218-2567/2388/3357/2097 - binagri@agro.gov.br

Ministério da Agricultura e Pecuária , Esplanada dos Ministérios, Bloco D, Anexo B, Brasília/DF, CEP: 70.043-900